Basic health science : teacher's manual /

Bibliographic Details
Other Authors: Whaley, Russell F.
Format: Book
Language:English
Published: Philadelphia : Lippincott, [1974]
Edition:Teachers' ed.
Subjects:

MARC

Tag First Indicator Second Indicator Subfields
LEADER 00000cam a2200000 i 4500
001 in00000617821
005 20151015050941.0
008 780929s1974 paua j b 00100 eng d
020 |a 0397435967 (v.4). 
020 |a 0397435983 (v.5). 
020 |a 0397436009 (v.6). 
035 |a (OCoLC)04264239 
035 |9 ACT3411AM 
040 |a TXA  |c TXA  |d UtOrBLW 
049 |a [Curr Col] TXAM  |v 4 [1540311]  |v 5 [1540312]  |v 6 [1540313] 
090 |a RA777  |b .B33 1974a 
245 0 0 |a Basic health science :  |b teacher's manual /  |c Russell F. Whaley [and others]. 
250 |a Teachers' ed. 
264 1 |a Philadelphia :  |b Lippincott,  |c [1974] 
264 4 |c ©1974 
300 |a 6 volumes :  |b illustrations (some color) ;  |c 24 cm. 
336 |a text  |b txt  |2 rdacontent 
337 |a unmediated  |b n  |2 rdamedia 
338 |a volume  |b nc  |2 rdacarrier 
500 |a "Bicentennial edition." 
500 |a Grades 1-6. 
504 |a Includes bibliographies, filmographies and indexes. 
650 0 |a Health  |v Juvenile literature. 
650 0 |a Safety education  |v Juvenile literature. 
650 0 |a Physiology  |v Juvenile literature. 
700 1 |a Whaley, Russell F. 
999 |a MARS 
999 f f |s d5ac9647-1437-36f2-a8a6-21ea10ae547a  |i d8b3047e-9a98-332f-9942-9fb65d327c03  |t 0 
952 f f |p ric  |a Texas A&M University  |b Rellis Campus  |c Joint Library Facility  |d Remote Storage  |t 0  |e RA777 .B33 1974a  |h Library of Congress classification  |i unmediated -- volume  |k v.6  |l Teachers Manual  |m A14800257947 
952 f f |p ric  |a Texas A&M University  |b Rellis Campus  |c Joint Library Facility  |d Remote Storage  |t 0  |e RA777 .B33 1974a  |h Library of Congress classification  |i unmediated -- volume  |k v.5  |l Teachers Manual  |m A14800257939 
952 f f |p ric  |a Texas A&M University  |b Rellis Campus  |c Joint Library Facility  |d Remote Storage  |t 0  |e RA777 .B33 1974a  |h Library of Congress classification  |i unmediated -- volume  |k v.4  |l Teachers Manual  |m A14800257921 
998 f f |a RA777 .B33 1974a  |s v.4-v.6 "Teachers Manual"  |t 0  |l Remote Storage